A confrontation of the method of quasistationary concentrations with the results derived by means of the Viéte theorem

Podrobná bibliografia
Hlavný autor: Mollin, Jiří, 1931-1991 (Autor)
Médium: Článok
Jazyk:slovenčina
angličtina
PhysicalDescription:Tb. 1. Res. angl., rus.
Predmet:

MARC

LEADER 00000nab a2200000 a 4500
001 vtls000054449
003 SK-MaSNL
005 20260304060910.0
008 250422c1979 xo 0 slo
015 |a SNBRB19rr/mm-uuuuu 
035 |a CL0064546 
035 |a urn:nbn:sk:snk-ab7ivo 
035 |a (urnnbn)urn:nbn:sk:snk:ar-005xhs 
035 |a (uuid)586bc900-1710-41eb-bc44-da805890f407 
040 |a SNKBUCL  |b slo  |c SNKBUCL  |e AACR2 
041 0 |a eng 
044 |a xo  |c SK 
080 |a 541  |2 1981 
100 1 |a Mollin, Jiří,  |d 1931-1991  |4 aut  |9 220619 
245 1 0 |a A confrontation of the method of quasistationary concentrations with the results derived by means of the Viéte theorem  |c J. Mollin 
300 |b Tb. 1. Res. angl., rus. 
650 0 7 |a metóda kvázi-stacionárnych koncentrácií  |2 snkbucl  |9 1344725 
650 0 7 |a teorém Viéte  |2 snkbucl  |9 1344726 
655 7 |a články z novín a časopisov  |2 snkbucl  |9 267496 
773 0 |t Chemické zvesti  |g Roč. 33, č. 2 (1979), s. 172-179 
850 |a Slovenská národná knižnica 
852 |a Slovenská národná knižnica 
958 |a article7 
958 |a OND 
958 |a RK 
958 |a EUIPO 
992 |a RBX 
999 |c 2730516  |d 2732446